[Event "Irish Championship 2008"]
[Site "Dublin IRL"]
[Date "2008.07.07"]
[Round "3"]
[White "Fitzsimons, David"]
[Black "Keogh, Eamon"]
[Result "1-0"]
[BlackTitle "NM"]
[WhiteElo "2133"]
[BlackElo "2092"]
[WhiteICU "2118"]
[BlackICU "2026"]
[WhiteClub "Elm Mount"]
[BlackClub "Kilkenny"]
[WhiteNationality "IRL"]
[BlackNationality "IRL"]
[WhiteFideId "2501961"]
[BlackFideId "2500264"]
[WhiteICUId "6236"]
[BlackICUId "731"]
[PlyCount "103"]
[EventDate "2008.07.05"]
[Source "ICU web site; TWIC 714"]

{ Source: Mark Orr, <a href="https://www.icu.ie/articles/188">Irish Chess
Championships 2008</a>, ICU web site; TWIC 714. } { Event information: <a
href="https://www.irlchess.com/irlch2008_allfiles/pairings_irlch2008.html">Tournament
report</a>. }

1. e4 Nf6 2. Nc3 e5 3. d4 exd4 4. Qxd4 Nc6 5. Qe3 Bb4 6. Bd2 d6 7. O-O-O
O-O 8. Qg3 Bxc3 9. Bxc3 Qe7 10. Bd3 Nh5 11. Qe3 a6 12. Nf3 b5 13. Rhe1 Ne5
14. Nxe5 dxe5 15. g3 b4 16. Bd2 c5 17. f4 Bd7 18. Bc4 Bb5 19. Bd5 Rad8 20.
Qf3 Nf6 21. fxe5 Qxe5 22. Bf4 Qh5 23. e5 Qxf3 24. Bxf3 Nd7 25. Rd6 Rde8 26.
Bd5 g5 27. e6 fxe6 28. Rdxe6 Rxe6 29. Bxe6+ Kg7 30. Bxg5 Re8 31. Kd2 Nf8
32. Bf5 Rxe1 33. Kxe1 Bd7 34. Bxd7 Nxd7 35. Ke2 Kg6 36. Bf4 Kf5 37. Kf3 Ke6
38. Kg4 Nf6+ 39. Kg5 c4 40. Be3 h6+ 41. Kf4 c3 42. b3 a5 43. Bd4 Nd5+ 44.
Kg4 Ne7 45. Bb6 Nd5 46. Bd4 Ne7 47. Bb6 Nd5 48. Bd4 Ne7 49. Kf4 Nd5+ 50.
Ke4 Ne7 51. g4 Nc8 52. Bc5 1-0

[Event "Irish Championship 2008"]
[Site "Dublin IRL"]
[Date "2008.07.07"]
[Round "3"]
[White "Griffiths, Ryan-Rhys"]
[Black "Boyle, Bernard"]
[Result "1-0"]
[WhiteElo "2069"]
[BlackElo "1945"]
[WhiteICU "2100"]
[BlackICU "1798"]
[WhiteClub "Kilkenny"]
[BlackClub "Elm Mount"]
[WhiteNationality "IRL"]
[BlackNationality "IRL"]
[WhiteFideId "2502054"]
[BlackFideId "2501830"]
[WhiteICUId "6897"]
[BlackICUId "3172"]
[PlyCount "113"]
[EventDate "2008.07.05"]
[Source "ICU web site; TWIC 714"]

{ Source: Mark Orr, <a href="https://www.icu.ie/articles/188">Irish Chess
Championships 2008</a>, ICU web site; TWIC 714. } { Event information: <a
href="https://www.irlchess.com/irlch2008_allfiles/pairings_irlch2008.html">Tournament
report</a>. }

1. e4 e6 2. d4 d5 3. Nc3 Nf6 4. e5 Ne4 5. Nxe4 dxe4 6. Bc4 Nd7 7. Ne2 Nb6
8. Bb3 c5 9. c3 Bd7 10. O-O cxd4 11. cxd4 Bc6 12. Nc3 Qh4 13. Qe2 Rd8 14.
Rd1 h5 15. Bc2 Qg4 16. Qxg4 hxg4 17. Bg5 Be7 18. Bxe7 Kxe7 19. Bxe4 Rh6 20.
Bxc6 bxc6 21. Ne4 Rdh8 22. h3 Nd5 23. Rac1 gxh3 24. g3 Rb8 25. b3 Rb6 26.
Rc5 Ra6 27. Rd2 f5 28. Ng5 h2+ 29. Kh1 f4 30. a4 fxg3 31. fxg3 Ne3 32. Rxh2
Rxh2+ 33. Kxh2 Rb6 34. Rc3 Nf5 35. Nf3 Kd7 36. g4 Ne7 37. Nd2 Nd5 38. Rf3
Ke7 39. Nc4 Rb8 40. Na5 Nb4 41. Rc3 Kd7 42. Rf3 Ke7 43. Kg3 Rd8 44. Rc3 Kd7
45. Rc4 Rb8 46. Kh4 Rb6 47. Kg5 Nd5 48. Kg6 Ne3 49. Rc3 Nxg4 50. Kxg7 Ra6
51. Nc4 Nf2 52. Re3 Nd1 53. Rf3 c5 54. dxc5 Kc6 55. Rd3 Nb2 56. Rd6+ Kb7
57. Nxb2 1-0

[Event "Irish Championship 2008"]
[Site "Dublin IRL"]
[Date "2008.07.07"]
[Round "3"]
[White "Benson, Oisin P."]
[Black "Ui Laighleis, Gearoidin"]
[Result "1-0"]
[WhiteElo "1852"]
[BlackElo "1985"]
[WhiteICU "1785"]
[BlackICU "1581"]
[WhiteClub "St. Benildus"]
[BlackClub "Aer Lingus"]
[WhiteNationality "IRL"]
[BlackNationality "IRL"]
[WhiteFideId "2501821"]
[BlackFideId "2501171"]
[WhiteICUId "5884"]
[BlackICUId "3364"]
[PlyCount "87"]
[EventDate "2008.07.05"]
[Source "ICU web site; TWIC 714"]
[WhiteFullName "Benson, Ois&iacute;n P."]
[BlackFullName "U&iacute; Laighl&eacute;is, Gear&oacute;id&iacute;n"]

{ Source: Mark Orr, <a href="https://www.icu.ie/articles/188">Irish Chess
Championships 2008</a>, ICU web site; TWIC 714. } { Event information: <a
href="https://www.irlchess.com/irlch2008_allfiles/pairings_irlch2008.html">Tournament
report</a>. }

1. d4 d5 2. c4 e6 3. Nc3 Nf6 4. cxd5 exd5 5. Bg5 Be7 6. e3 c6 7. Bd3 Nbd7
8. Qc2 O-O 9. Nf3 Re8 10. O-O Nf8 11. Rab1 h6 12. Bh4 Ne4 13. Bxe7 Qxe7 14.
Bxe4 dxe4 15. Nd2 f5 16. b4 Rd8 17. Rfc1 Ne6 18. Na4 Kh8 19. b5 cxb5 20.
Rxb5 g6 21. Nc5 b6 22. Nxe6 Qxe6 23. Re5 Qd7 24. Qc7 Re8 25. Rxe8+ Qxe8 26.
Nc4 Be6 27. Qe5+ Kg8 28. Nd6 Qe7 29. d5 Rd8 30. Nc8 Qf7 31. Qxe6 Qxe6 32.
dxe6 Kg7 33. g3 Kf6 34. e7 Re8 35. Rc6+ Kg7 36. Rc7 Kf6 37. Rc6+ Kg7 38.
Kf1 g5 39. Ke2 h5 40. h4 gxh4 41. gxh4 b5 42. Kd2 a6 43. Kc3 a5 44. Kb3 1-0

[Event "Irish Championship 2008"]
[Site "Dublin IRL"]
[Date "2008.07.08"]
[Round "4"]
[White "Jessel, Stephen"]
[Black "Loughran, John"]
[Result "1-0"]
[WhiteTitle "FM"]
[WhiteElo "2294"]
[BlackElo "1805"]
[WhiteICU "2239"]
[BlackICU "1654"]
[WhiteClub "Phibsboro"]
[BlackClub "Elm Mount"]
[WhiteNationality "IRL"]
[BlackNationality "IRL"]
[WhiteFideId "628859"]
[BlackFideId "2501562"]
[WhiteICUId "4790"]
[BlackICUId "795"]
[PlyCount "47"]
[EventDate "2008.07.05"]
[Source "ICU web site; TWIC 714"]

{ Source: Mark Orr, <a href="https://www.icu.ie/articles/188">Irish Chess
Championships 2008</a>, ICU web site; TWIC 714. } { Event information: <a
href="https://www.irlchess.com/irlch2008_allfiles/pairings_irlch2008.html">Tournament
report</a>. }

1. e4 c5 2. Nf3 e6 3. d4 cxd4 4. Nxd4 a6 5. c4 Nf6 6. Nc3 Qc7 7. a3 Nc6 8.
Be3 Be7 9. Be2 O-O 10. O-O b6 11. Rc1 Bb7 12. b4 Ne5 13. f4 Nc6 14. e5 Ne8
15. Nd5 exd5 16. cxd5 Nxd4 17. Rxc7 Nxe2+ 18. Qxe2 Nxc7 19. d6 Bd8 20. dxc7
Bxc7 21. Qg4 Rad8 22. f5 Bxe5 23. f6 g6 24. Qg5 1-0

[Event "Irish Championship 2008"]
[Site "Dublin IRL"]
[Date "2008.07.08"]
[Round "4"]
[White "Boyle, Bernard"]
[Black "Benson, Oisin P."]
[Result "1/2-1/2"]
[WhiteElo "1945"]
[BlackElo "1852"]
[WhiteICU "1798"]
[BlackICU "1785"]
[WhiteClub "Elm Mount"]
[BlackClub "St. Benildus"]
[WhiteNationality "IRL"]
[BlackNationality "IRL"]
[WhiteFideId "2501830"]
[BlackFideId "2501821"]
[WhiteICUId "3172"]
[BlackICUId "5884"]
[PlyCount "141"]
[EventDate "2008.07.05"]
[Source "ICU web site; TWIC 714"]
[BlackFullName "Benson, Ois&iacute;n P."]

{ Source: Mark Orr, <a href="https://www.icu.ie/articles/188">Irish Chess
Championships 2008</a>, ICU web site; TWIC 714. } { Event information: <a
href="https://www.irlchess.com/irlch2008_allfiles/pairings_irlch2008.html">Tournament
report</a>. }

1. d4 Nf6 2. Bf4 g6 3. e3 Bg7 4. Nf3 O-O 5. Be2 d6 6. O-O Nbd7 7. h3 c5 8.
c3 b6 9. a4 a6 10. Nbd2 Bb7 11. Qb3 Bc6 12. Rfd1 Qc7 13. Ne1 Qb7 14. Bf3
Bxf3 15. Nexf3 Rfc8 16. a5 b5 17. c4 Rab8 18. cxb5 Qxb5 19. Qxb5 Rxb5 20.
dxc5 Rcxc5 21. Rab1 Rb4 22. Nd4 e5 23. N4b3 exf4 24. Nxc5 Nxc5 25. exf4 Kf8
26. Rbc1 Ke7 27. Nc4 Nb3 28. Rc2 d5 29. Nb6 Nxa5 30. Nxd5+ Nxd5 31. Rxd5
Nb7 32. Rc7+ Ke6 33. Rdd7 Nd6 34. Re7+ Kf6 35. Red7 Ke6 36. g4 Rxf4 37.
Re7+ Kd5 38. Ra7 Ra4 39. Rad7 Kc6 40. b3 Rb4 41. Ra7 Kb6 42. Ra8 a5 43.
Rea7 Nb7 44. Ra6+ Kb5 45. R6a7 Kc6 46. Ra6+ Kc7 47. Re8 Kd7 48. Re3 Bd4 49.
Rd3 Ke7 50. Rf3 Rb5 51. Rd3 Bb6 52. Rc3 Nc5 53. Rxb6 Rxb6 54. Rxc5 Rxb3 55.
Rxa5 Rxh3 56. Kg2 Rd3 57. g5 Ke6 58. f4 Rd5 59. Rxd5 Kxd5 60. Kf3 Ke6 61.
Kg4 f6 62. Kh4 Kf5 63. gxf6 Kxf6 64. Kg3 Kf5 65. Kf3 h6 66. Kg3 Ke4 $2 ({
Black has been making this much more complicated than it needed to be. }
66... h5 { and Black will win the last white pawn. }) 67. Kg4 Ke3 $4 (67...
h5+ 68. Kg5 h4 { is now the only way to win. }) 68. f5 h5+ 69. Kg5 gxf5 70.
Kxf5 h4 71. Kg4 1/2-1/2

[Event "Irish Championship 2008"]
[Site "Dublin IRL"]
[Date "2008.07.08"]
[Round "4"]
[White "Fox, Anthony"]
[Black "Orr, Mark J. L."]
[Result "1/2-1/2"]
[BlackTitle "IM"]
[WhiteElo "2068"]
[BlackElo "2258"]
[WhiteICU "2054"]
[BlackICU "2199"]
[WhiteClub "Dun Laoghaire"]
[BlackClub "Wandering Dragons SCO"]
[BlackNationality "IRL"]
[WhiteFideId "2500736"]
[BlackFideId "2500035"]
[WhiteICUId "456"]
[BlackICUId "1350"]
[PlyCount "64"]
[EventDate "2008.07.05"]
[Source "ICU web site; TWIC 714"]

{ Source: Mark Orr, <a href="https://www.icu.ie/articles/188">Irish Chess
Championships 2008</a>, ICU web site; TWIC 714. } { Event information: <a
href="https://www.irlchess.com/irlch2008_allfiles/pairings_irlch2008.html">Tournament
report</a>. }

1. e4 c5 2. Nc3 Nc6 3. g3 Rb8 4. Bg2 b5 5. d3 b4 6. Nce2 g6 7. Be3 Bg7 8.
Qc1 d6 9. f4 e6 10. Nf3 Nge7 11. O-O O-O 12. g4 f5 13. gxf5 exf5 14. Ng3
Nd4 15. c3 bxc3 16. bxc3 Nxf3+ 17. Bxf3 Qa5 18. d4 cxd4 19. Bxd4 Bxd4+ 20.
cxd4 fxe4 21. Bxe4 Bf5 22. Qe1 Qxe1 23. Raxe1 Bxe4 24. Rxe4 Nf5 25. Nxf5
Rxf5 26. Re7 Rf7 27. Re6 Rb2 28. a4 Rb4 29. Rxd6 Rxa4 30. Kg2 Ra2+ 31. Kg3
Rd2 32. Rf3 Rc2 1/2-1/2

[Event "Irish Championship 2008"]
[Site "Dublin IRL"]
[Date "2008.07.08"]
[Round "4"]
[White "Baburin, Alexander"]
[Black "Greenfeld, Alon"]
[Result "1/2-1/2"]
[WhiteTitle "GM"]
[BlackTitle "GM"]
[WhiteElo "2526"]
[BlackElo "2545"]
[WhiteICU "2534"]
[WhiteClub "Kilkenny"]
[WhiteNationality "IRL"]
[BlackNationality "ISR"]
[WhiteFideId "2500914"]
[BlackFideId "2800039"]
[WhiteICUId "7085"]
[PlyCount "89"]
[EventDate "2008.07.05"]
[Source "ICU web site; TWIC 714"]

{ Source: Mark Orr, <a href="https://www.icu.ie/articles/188">Irish Chess
Championships 2008</a>, ICU web site; TWIC 714. } { Event information: <a
href="https://www.irlchess.com/irlch2008_allfiles/pairings_irlch2008.html">Tournament
report</a>. }

1. d4 Nf6 2. c4 g6 3. Nf3 Bg7 4. g3 O-O 5. Bg2 d6 6. O-O Nbd7 7. Qc2 e5 8.
Rd1 Re8 9. dxe5 dxe5 10. e4 c6 11. h3 Qe7 12. b3 Nc5 13. Nc3 Nfd7 14. Be3
a5 15. Rd2 Qf8 16. Rad1 Bh6 17. Bxh6 Qxh6 18. Rd6 Nb6 19. Nh4 Be6 20. Nd5
cxd5 21. cxd5 Nc8 22. Qxc5 Bxh3 23. Bxh3 Qf8 24. Rxg6+ hxg6 25. d6 Rd8 26.
Nxg6 fxg6 27. Be6+ Kg7 28. Qc7+ Kf6 29. Rd3 Kxe6 30. Qc4+ Kd7 31. Qb5+ Ke6
32. Qd5+ Kd7 33. Qxb7+ Ke6 34. Qd5+ Kd7 35. Qb7+ Ke6 36. Qd5+ Kd7 37. Qxa8
Nxd6 38. Qxa5 Qf6 39. Qa7+ Ke8 40. Qc5 Nxe4 41. Qb5+ Kf8 42. Rxd8+ Qxd8 43.
Qxe5 Qd3 44. Kg2 Nd2 45. Qc5+ 1/2-1/2

[Event "Irish Championship 2008"]
[Site "Dublin IRL"]
[Date "2008.07.08"]
[Round "4"]
[White "Hebden, Mark"]
[Black "Fitzsimons, David"]
[Result "1-0"]
[WhiteTitle "GM"]
[WhiteElo "2520"]
[BlackElo "2133"]
[BlackICU "2118"]
[BlackClub "Elm Mount"]
[WhiteNationality "ENG"]
[BlackNationality "IRL"]
[WhiteFideId "400084"]
[BlackFideId "2501961"]
[WhiteICUId "7292"]
[BlackICUId "6236"]
[PlyCount "101"]
[EventDate "2008.07.05"]
[Source "ICU web site; TWIC 714"]

{ Source: Mark Orr, <a href="https://www.icu.ie/articles/188">Irish Chess
Championships 2008</a>, ICU web site; TWIC 714. } { Event information: <a
href="https://www.irlchess.com/irlch2008_allfiles/pairings_irlch2008.html">Tournament
report</a>. }

1. e4 c5 2. Nf3 Nf6 3. e5 Nd5 4. Nc3 e6 5. Nxd5 exd5 6. d4 Nc6 7. dxc5 Bxc5
8. Qxd5 d6 9. exd6 Qb6 10. Qe4+ Be6 11. Qh4 f6 12. Bd3 O-O-O 13. O-O h5 14.
Be3 Bxe3 15. fxe3 Rxd6 16. Qf4 Rhd8 17. b3 Ne7 18. Rfe1 Bf7 19. Kh1 Nd5 20.
Qd4 Qa5 21. a3 g5 22. b4 Qa4 23. Qb2 Kb8 24. Nd4 Qe8 25. Nf5 Rb6 26. Rad1
Bg6 27. Ng7 Qf7 28. Bxg6 Qxg6 29. e4 Rbd6 30. e5 R6d7 31. c4 Nf4 32. Rxd7
Rxd7 33. exf6 Nd3 34. Qd2 Qxf6 35. Re8+ Rd8 36. Rxd8+ Qxd8 37. h3 g4 38.
Ne6 Qd7 39. Nf4 Ne5 40. Qxd7 Nxd7 41. Kh2 Ne5 42. h4 Nxc4 43. Nxh5 Nxa3 44.
Nf6 Nc4 45. Nxg4 Kc7 46. h5 Nd6 47. Kg3 Kd7 48. Kf4 Ke6 49. Ne5 b6 50. h6
Kf6 51. g4 1-0

[Event "Irish Championship 2008"]
[Site "Dublin IRL"]
[Date "2008.07.08"]
[Round "4"]
[White "Conquest, Stuart"]
[Black "Butnorius, Algimantas"]
[Result "0-1"]
[Termination "time forfeit"]
[WhiteTitle "GM"]
[BlackTitle "GM"]
[WhiteElo "2536"]
[BlackElo "2442"]
[WhiteNationality "ENG"]
[BlackNationality "LTU"]
[WhiteFideId "400181"]
[BlackFideId "12800066"]
[PlyCount "74"]
[EventDate "2008.07.05"]
[Source "ICU web site; TWIC 714"]

{ Source: Mark Orr, <a href="https://www.icu.ie/articles/188">Irish Chess
Championships 2008</a>, ICU web site; TWIC 714. } { Event information: <a
href="https://www.irlchess.com/irlch2008_allfiles/pairings_irlch2008.html">Tournament
report</a>. }

1. c4 e5 2. Nc3 Nf6 3. Nf3 Nc6 4. g3 Bb4 5. Bg2 O-O 6. O-O e4 7. Ng5 Bxc3
8. bxc3 Re8 9. f3 e3 10. dxe3 h6 11. Nh3 d5 12. Nf4 dxc4 13. e4 b6 14. Ba3
Bb7 15. Qc2 Ne7 16. Rad1 Qb8 17. Qa4 g5 18. Nh3 c5 19. Qxc4 Ng6 20. Qa4 Qe5
21. Bb2 Qe7 22. Nf2 a6 23. Qb3 b5 24. c4 Ne5 25. Qc3 Nfd7 26. Ng4 b4 27.
Qd2 Nxg4 28. fxg4 Ne5 29. Qc1 Rad8 30. Rd5 f6 31. Bxe5 fxe5 32. Rxd8 Rxd8
33. h4 Rf8 34. Rf5 Bc8 35. Rxf8+ Kxf8 36. hxg5 Qxg5 37. Qxg5 hxg5 $19 {
(Time) } 0-1

[Event "Irish Championship 2008"]
[Site "Dublin IRL"]
[Date "2008.07.08"]
[Round "4"]
[White "Quinn, Ciaran"]
[Black "Carosso, Andrea"]
[Result "1-0"]
[WhiteElo "2156"]
[BlackElo "2046"]
[WhiteICU "1923"]
[WhiteClub "Elm Mount"]
[WhiteNationality "IRL"]
[BlackNationality "ITA"]
[WhiteFideId "2500817"]
[BlackFideId "814288"]
[WhiteICUId "1398"]
[PlyCount "81"]
[EventDate "2008.07.05"]
[Source "ICU web site; TWIC 714"]
[WhiteFullName "Quinn, Ciar&aacute;n"]

{ Source: Mark Orr, <a href="https://www.icu.ie/articles/188">Irish Chess
Championships 2008</a>, ICU web site; TWIC 714. } { Event information: <a
href="https://www.irlchess.com/irlch2008_allfiles/pairings_irlch2008.html">Tournament
report</a>. }

1. d4 d5 2. c4 c6 3. Nc3 Nf6 4. g3 dxc4 5. Bg2 Be6 6. Nh3 Bxh3 7. Bxh3 Nbd7
8. f4 e6 9. O-O Qa5 10. Bg2 h5 11. e4 h4 12. g4 h3 13. Bf3 O-O-O 14. Qe2
Nb6 15. Be3 c5 16. d5 exd5 17. exd5 Nfxd5 18. Rfd1 Nxc3 19. Rxd8+ Kxd8 20.
Qd2+ Kc7 21. bxc3 Be7 22. Bf2 Rd8 23. Qe3 Bf6 24. Qe4 Qa6 25. Bxc5 Na4 26.
Bd4 Bxd4+ 27. cxd4 Qc6 28. Qe5+ Qd6 29. Rc1 Qxe5 30. Rxc4+ Kb8 31. dxe5 Nb6
32. Rc2 Rd3 33. Kf2 Nd5 34. f5 Nc7 35. g5 b6 36. Bh5 Rd7 37. Kg3 Rd3+ 38.
Kh4 Re3 39. Re2 Rxe2 40. Bxe2 g6 41. Bc4 1-0

[Event "Irish Championship 2008"]
[Site "Dublin IRL"]
[Date "2008.07.08"]
[Round "4"]
[White "Redmond, John P."]
[Black "Short, Philip"]
[Result "1/2-1/2"]
[BlackTitle "FM"]
[WhiteElo "2188"]
[BlackElo "2300"]
[BlackICU "2271"]
[WhiteClub "Atticus ENG"]
[WhiteNationality "IRL"]
[BlackNationality "IRL"]
[WhiteFideId "2500051"]
[BlackFideId "2500086"]
[WhiteICUId "1422"]
[BlackICUId "1557"]
[PlyCount "90"]
[EventDate "2008.07.05"]
[Source "ICU web site; TWIC 714"]

{ Source: Mark Orr, <a href="https://www.icu.ie/articles/188">Irish Chess
Championships 2008</a>, ICU web site; TWIC 714. } { Annotator: Mark Orr, <a
href="http://www.icu.ie/games/29113">ICU games archive</a>. } { References:
<a
href="https://www.irlchess.com/irlch2008_allfiles/pairings_irlch2008.html">Tournament
report</a>. }

1. c4 c5 2. Nc3 Nc6 3. g3 g6 4. Bg2 Bg7 5. e3 Nh6 6. Nge2 Nf5 7. b3 a6 8.
O-O h5 9. Bb2 b5 10. cxb5 axb5 11. d4 cxd4 12. exd4 Ba6 13. d5 Ne5 14. Qd2
h4 15. Ne4 hxg3 16. hxg3 Qb6 17. d6 Bb7 18. dxe7 d5 19. Rfd1 Kxe7 20. Qb4+
Ke8 21. Ng5 d4 22. Ne4 d3 23. Nd4 Nxd4 24. Bxd4 Qxd4 25. Qxd4 Nf3+ 26. Bxf3
Bxd4 27. Nd6+ Ke7 28. Bxb7 Bxa1 29. Bxa8 Rxa8 30. Nxb5 Rxa2 31. Rxd3 Be5
32. Nd4 Bxd4 33. Rxd4 Rb2 34. Rd3 Ke6 35. Kg2 f5 36. Kf3 Kf6 37. Rd6+ Ke5
38. Rd3 g5 39. Rc3 Ke6 40. Ke3 g4 41. Rd3 Ke5 42. f4+ gxf3 43. Kxf3 Rb1 44.
Re3+ Kf6 45. Rc3 Kg5 1/2-1/2

[Event "Irish Championship 2008"]
[Site "Dublin IRL"]
[Date "2008.07.08"]
[Round "4"]
[White "Keogh, Eamon"]
[Black "McCarthy, Tim"]
[Result "1-0"]
[WhiteTitle "NM"]
[WhiteElo "2092"]
[BlackElo "2020"]
[WhiteICU "2026"]
[BlackICU "1865"]
[WhiteClub "Kilkenny"]
[BlackClub "St. Benildus"]
[WhiteNationality "IRL"]
[BlackNationality "IRL"]
[WhiteFideId "2500264"]
[BlackFideId "2500710"]
[WhiteICUId "731"]
[BlackICUId "1032"]
[PlyCount "83"]
[EventDate "2008.07.05"]
[Source "ICU web site; TWIC 714"]

{ Source: Mark Orr, <a href="https://www.icu.ie/articles/188">Irish Chess
Championships 2008</a>, ICU web site; TWIC 714. } { Event information: <a
href="https://www.irlchess.com/irlch2008_allfiles/pairings_irlch2008.html">Tournament
report</a>. }

1. f4 Nf6 2. Nf3 g6 3. Nc3 d5 4. e3 Bg7 5. Be2 O-O 6. O-O Ne4 7. Qe1 Nxc3
8. bxc3 c5 9. Rb1 b6 10. Qh4 e6 11. Qg3 Nc6 12. Bb2 Qd6 13. d4 c4 14. h4 h5
15. Ne5 Ne7 16. a4 Nf5 17. Qf2 Qd8 18. Ba3 Re8 19. g3 Bd7 20. a5 b5 21. Bb4
Bc8 22. Kg2 Nd6 23. Bxd6 Qxd6 24. Rxb5 Qa3 25. g4 hxg4 26. Bxg4 Qxc3 27. h5
a6 28. Rc5 f5 29. Bd1 Bxe5 30. dxe5 d4 31. Bf3 dxe3 32. Qg3 Ra7 33. h6 Kh7
34. Be2 Bb7+ 35. Kh3 Bd5 36. Rg1 Rg8 37. Bh5 Kh8 38. Bxg6 Rh7 39. Qh4 e2+
40. Kh2 Bb7 41. Qf6+ Rgg7 42. Bxh7 1-0

[Event "Irish Championship 2008"]
[Site "Dublin IRL"]
[Date "2008.07.08"]
[Round "4"]
[White "Lyons, Brendan"]
[Black "Griffiths, Ryan-Rhys"]
[Result "0-1"]
[WhiteElo "2088"]
[BlackElo "2069"]
[WhiteICU "1868"]
[BlackICU "2100"]
[WhiteClub "St. Benildus"]
[BlackClub "Kilkenny"]
[WhiteNationality "IRL"]
[BlackNationality "IRL"]
[WhiteFideId "2500698"]
[BlackFideId "2502054"]
[WhiteICUId "817"]
[BlackICUId "6897"]
[PlyCount "56"]
[EventDate "2008.07.05"]
[Source "ICU web site; TWIC 714"]

{ Source: Mark Orr, <a href="https://www.icu.ie/articles/188">Irish Chess
Championships 2008</a>, ICU web site; TWIC 714. } { Event information: <a
href="https://www.irlchess.com/irlch2008_allfiles/pairings_irlch2008.html">Tournament
report</a>. }

1. e4 c5 2. Nf3 a6 3. d4 cxd4 4. Nxd4 Nf6 5. Nc3 e5 6. Nf3 Bb4 7. Bd2 O-O
8. Bd3 d6 9. Qe2 Re8 10. O-O-O Nbd7 11. Bc4 h6 12. Bxf7+ Kxf7 13. Qc4+ d5
14. Qxb4 d4 15. Qc4+ Re6 16. Nd5 Nxd5 17. exd5 Rd6 18. Bb4 Nb6 19. Nxe5+
Kg8 20. Qxd4 Rxd5 21. Qe3 a5 22. Ba3 Bf5 23. Rxd5 Qxd5 24. Qxb6 Rc8 25. Nd3
Bxd3 26. Rd1 Rxc2+ 27. Kb1 Rc6+ 28. Rxd3 Qxd3+ 0-1

[Event "Irish Championship 2008"]
[Site "Dublin IRL"]
[Date "2008.07.09"]
[Round "5"]
[White "Short, Philip"]
[Black "Conquest, Stuart"]
[Result "1-0"]
[WhiteTitle "FM"]
[BlackTitle "GM"]
[WhiteElo "2300"]
[BlackElo "2536"]
[WhiteICU "2271"]
[WhiteNationality "IRL"]
[BlackNationality "ENG"]
[WhiteFideId "2500086"]
[BlackFideId "400181"]
[WhiteICUId "1557"]
[PlyCount "81"]
[EventDate "2008.07.05"]
[Source "ICU web site; TWIC 714"]

{ Source: Mark Orr, <a href="https://www.icu.ie/articles/188">Irish Chess
Championships 2008</a>, ICU web site; TWIC 714. } { Event information: <a
href="https://www.irlchess.com/irlch2008_allfiles/pairings_irlch2008.html">Tournament
report</a>. }

1. d4 f5 2. Nf3 Nf6 3. g3 g6 4. Bg2 Bg7 5. O-O O-O 6. c4 d6 7. Nc3 Qe8 8.
Re1 h6 9. e4 fxe4 10. Nxe4 Qf7 11. Nc3 Na6 12. b3 Bd7 13. h3 c6 14. Be3
Rad8 15. Qd2 Kh7 16. Nh2 Nc7 17. a4 Bc8 18. Qe2 Rfe8 19. f4 e5 20. dxe5
dxe5 21. fxe5 Rxe5 22. Qf2 Rd3 23. Ne4 Rxb3 24. Nd6 Qf8 25. Nxc8 Qxc8 26.
Bf4 Rxe1+ 27. Rxe1 Ne6 28. Be5 Nh5 29. Bxg7 Nexg7 30. g4 Ng3 31. Qf6 Qc7
32. c5 Qa5 33. Qf2 h5 34. Nf3 Rxf3 35. Bxf3 h4 36. Re7 Qd8 37. Qe3 Kg8 38.
Qe5 Qf8 39. Kg2 Kh7 40. Rxb7 Qg8 41. Qb2 1-0